00453nam a2200133Ia 4500008004100000245009600041260004800137260000900185300000900194500000900203650001600212999001900228952007200247170224s9999 xx 000 0 und d aMany hands make overlooked work: Over-claiming of responsibility increases with group size. bJournal of Experimental Psychology: Applied c2016 a22:2 aJune xPsychology. c316565d316565 001040aCLbCLd2017-02-24l0r2017-02-24 00:00:00w2017-02-24ySE